Relax, Take It Easy - MIKA - All Lyrics - Statistics

General Stats
  • This quiz has been taken 43 times
  • The average score is 215 of 304
Answer Stats
Answer % Correct
easy
97%
I
97%
it
97%
Relax,
97%
Relax
97%
(Relax)
97%
take
97%
a
91%
ah,
91%
ah
91%
Ah,
91%
Ooh,
91%
the
91%
an
85%
no
85%
do
82%
is
82%
and
79%
on
79%
can
76%
that
76%
there
76%
There
76%
to
76%
we
76%
you
76%
know
74%
where
74%
ever
71%
me
71%
of
71%
one
71%
with
71%
nobody
68%
nothing
68%
for
65%
For
65%
in
65%
my
65%
so
65%
But
62%
don't
62%
Don't
62%
I'm
62%
thing
62%
up
62%
Are
59%
are
59%
end
59%
or
59%
broken
56%
goes
56%
last
56%
times
56%
Took
56%
train
56%
line,
53%
many
53%
scream,
53%
this
53%
when
53%
as
50%
Blame
50%
blame
50%
Ended
50%
It's
50%
leave
50%
mind
50%
ride
50%
scared
50%
Scared
50%
scared?
50%
we're
50%
answer
47%
believe
47%
darkest
47%
if
47%
lost,
47%
Now
47%
pain
47%
screaming
47%
terrified
47%
together
47%
dying
44%
fire
44%
fire?
44%
playing
44%
you're
44%
help
41%
roads
41%
understand
41%
clear,
38%
left
38%
longing's
26%
same
24%
alone
18%
No matching quizzes found
Score Distribution
Percent of People with Each Score
Percentile by Number Answered
Your Score History
You have not taken this quiz